Central Library OPAC University of Rajshahi

Distributions and the boundary values of analytic functions / (Record no. 6601)

MARC details
000 -LEADER
fixed length control field 00821cam a22002531 4500
001 - CONTROL NUMBER
control field 6601
003 - CONTROL NUMBER IDENTIFIER
rucl marc code BD-RjUL
005 - DATE AND TIME OF LATEST TRANSACTION
control field 20211208234257.0
008 - FIXED-LENGTH DATA ELEMENTS--GENERAL INFORMATION
fixed length control field 140111s1966 nyu b 001 0 eng
035 ## - SYSTEM CONTROL NUMBER
System control number (BD-RjUL)6642
040 ## - CATALOGING SOURCE
Original cataloging agency DLC/ICU
Transcribing agency ICU
Modifying agency DLC
-- BD-RjUL
Language of cataloging eng
041 ## - LANGUAGE CODE
Language code of text/sound track or separate title eng
082 00 - DEWEY DECIMAL CLASSIFICATION NUMBER
Classification number 515.782
Author mark and year BED 1966
Edition number 23
100 1# - MAIN ENTRY--PERSONAL NAME
Personal name Beltrami, Edward J.
9 (RLIN) 20768
245 10 - TITLE STATEMENT
Title Distributions and the boundary values of analytic functions /
Statement of responsibility, etc. E.J. Beltrami, M.R. Wohlers.
260 ## - PUBLICATION, DISTRIBUTION, ETC. (IMPRINT)
Place of publication, distribution, etc. New York :
Name of publisher, distributor, etc. Academic Press,
Date of publication, distribution, etc. c1966.
300 ## - PHYSICAL DESCRIPTION
Pagination xiv, 116 p. ;
Size 23 cm.
504 ## - BIBLIOGRAPHY, ETC. NOTE
Bibliography, etc Include bibliography and index.
650 #0 - SUBJECT ADDED ENTRY--TOPICAL TERM
Topical term or geographic name as entry element Theory of distributions (Functional analysis)
9 (RLIN) 20671
Topical term or geographic name as entry element Laplace transformation.
9 (RLIN) 19793
700 1# - ADDED ENTRY--PERSONAL NAME
Personal name Wohlers, M. Ronald,
Relator term joint author.
942 ## - ADDED ENTRY ELEMENTS (KOHA)
Source of classification or shelving scheme Dewey Decimal Classification
Koha item type Books
Holdings
Lost status Source of classification or shelving scheme Damaged status Not for loan Collection code Permanent Location Current Location Date acquired Source of acquisition Cost, normal purchase price Total Checkouts Full call number Date last seen Copy number Koha item type Shelving location
  Dewey Decimal Classification   Not For Loan Non-fiction Central Library, University of Rajshahi Central Library, University of Rajshahi 18/04/2068 sweets and Zitlinger 61.60   515.782 BED 1966 11/01/2014 C-4 Books  
  Dewey Decimal Classification     Non-fiction Central Library, University of Rajshahi Central Library, University of Rajshahi 07/12/1968 Zeitlinger 61.60   515.782 BED 1966 30/08/2016 C-2 Books  
  Dewey Decimal Classification     Non-fiction Central Library, University of Rajshahi Central Library, University of Rajshahi 07/12/1968 Zeitlinger 61.60   515.782 BED 1966 30/08/2016 C-3 Books